| 000 | 008590000a22002170004500 | ||
|---|---|---|---|
| 020 | _a978-958-648-584-5 | ||
| 082 | 0 | 4 | _aG 468.43 A715c |
| 100 | 1 | _aAristizábal, Alberto | |
| 245 | 1 | 0 | _aCómo leer mejor / Alberto Aristizábal |
| 250 | _a7 | ||
| 260 | _aBogotá, Col. : Ecoe | ||
| 300 | _a215 p. | ||
| 440 | 0 | _aCol. Educación y pedagogía | |
| 505 | 0 | 0 | _aTema del párrafo -- El párrafo y la idea central -- Cómo inferir en la lectura -- Cómo trabajar una lectura de estudio -- Eficiencia en la lectura -- Lectura rápida -- La mano como guía durante la lectura -- Cómo recordar lo leído -- Cómo tomar notas en una clase o en una conferencia -- Selección de respuestas |
| 650 | 1 | 4 | _aLECTURA |
| 001 | 11043 | ||
| 942 | _cBK | ||
| 999 |
_c40415 _d40415 |
||
| 336 |
_atexto _btxt _2rdacontent |
||
| 337 |
_2rdamedia _asin mediación _bn |
||
| 338 |
_2rdacarrier _avolumen _bnc |
||